Branding v segmente obchodných značiek diplomová práca

Enregistré dans:
Détails bibliographiques
Auteur principal: Dragulová, Natália
Collectivité auteur: Obchodná fakulta EU. Katedra marketingu
Autres auteurs: Lesáková, Dagmar, 1949-
Format: Livre
Langue:slovaque
Publié: Bratislava 2019
Tags: Ajouter un tag
Pas de tags, Soyez le premier à ajouter un tag!

MARC

LEADER 00000nbm a2200000 4500
001 0254022
005 20190704134025.4
041 0 |a slo 
044 |a SK 
245 1 0 |a Branding v segmente obchodných značiek  |b diplomová práca  |c Natália Dragulová ; školiteľ: Dagmar Lesáková 
264 1 |a Bratislava  |c 2019 
300 |a 67 s. 
100 1 |a Dragulová, Natália 
700 1 |a Lesáková, Dagmar, 1949- 
710 2 |a Obchodná fakulta EU. Katedra marketingu